000 00495 a2200169 4500
001 066072
003 OSt
005 20210909150513.0
008
082 _a302.2343095
_bA42A
245 1 _aAsian cinemas
_cedited by Dimitris Eleftheriotis
260 _aEdinburgh
_bEdinburgh University Press
_c2006
300 _a473p.
690 _aMotion pictures; Asia; Motion picture producers and directors
700 _eEleftheriotis, Dimitris, ed.
942 _2ddc
_cBK
999 _c264
_d264